Detalles MARC
| 000 -CABECERA |
| campo de control de longitud fija |
01358cam a2200349 a 4500 |
| 001 - NÚMERO DE CONTROL |
| campo de control |
000018548 |
| 005 - FECHA Y HORA DE LA ÚLTIMA TRANSACCIÓN |
| campo de control |
20200929165825.0 |
| 008 - DATOS DE LONGITUD FIJA--INFORMACIÓN GENERAL |
| campo de control de longitud fija |
931006m19921996sp a b l000 0 spa |
| 010 ## - NÚMERO DE CONTROL DE LA BIBLIOTECA DEL CONGRESO |
| Número de control de LC |
93215276 |
| 020 ## - NÚMERO INTERNACIONAL ESTÁNDAR DEL LIBRO |
| Número Internacional Estándar del Libro |
8445105299 (v. 1) |
| 020 ## - NÚMERO INTERNACIONAL ESTÁNDAR DEL LIBRO |
| Número Internacional Estándar del Libro |
8445106945 (v. 2) |
| 020 ## - NÚMERO INTERNACIONAL ESTÁNDAR DEL LIBRO |
| Número Internacional Estándar del Libro |
8445107984 (v. 3) |
| 020 ## - NÚMERO INTERNACIONAL ESTÁNDAR DEL LIBRO |
| Número Internacional Estándar del Libro |
8445111612 (v. 4) |
| 040 ## - FUENTE DE LA CATALOGACIÓN |
| Centro catalogador/agencia de origen |
DO-SdBNP |
| Centro/agencia transcriptor |
DLC |
| Centro/agencia modificador |
DLC |
| 043 ## - CÓDIGO DE ÁREA GEOGRÁFICA |
| Código de área geográfica |
e-sp--- |
| 050 00 - SIGNATURA TOPOGRÁFICA DE LA BIBLIOTECA DEL CONGRESO |
| Número de clasificación |
DP354 |
| Número de documento/Ítem |
.M263 1992 |
| 082 00 - NÚMERO DE LA CLASIFICACIÓN DECIMAL DEWEY |
| Número de clasificación |
946/.41 |
| Número de edición |
20 |
| 245 00 - MENCIÓN DE TÍTULO |
| Título |
Madrid en la prosa de viaje / |
| Mención de responsabilidad, etc. |
estudio y seleccion de Jose Luis Checa Cremades. |
| 260 ## - PUBLICACIÓN, DISTRIBUCIÓN, ETC. |
| Lugar de publicación, distribución, etc. |
[Madrid] : |
| Nombre del editor, distribuidor, etc. |
Comunidad de Madrid, |
| Fecha de publicación, distribución, etc. |
c1992-c1996. |
| 300 ## - DESCRIPCIÓN FÍSICA |
| Extensión |
4 v. : |
| Otras características físicas |
ill. ; |
| Dimensiones |
25 cm. |
| 440 #0 - MENCIÓN DE SERIE/PUNTO DE ACCESO ADICIONAL--TÍTULO |
| Título |
Madrid en la literatura |
| 9 (RLIN) |
38936 |
| 500 ## - NOTA GENERAL |
| Nota general |
Vols. 3-4: estudio y seleccion de Juan Antonio Santos. |
| 504 ## - NOTA DE BIBLIOGRAFÍA, ETC. |
| Nota de bibliografía, etc. |
Includes bibliographical references. |
| 505 0# - NOTA DE CONTENIDO CON FORMATO |
| Nota de contenido con formato |
1. Siglos XV, XVI, XVII -- 2. Siglo XVIII -- 3. Siglo XIX -- 4. Siglo XX. |
| 651 #0 - PUNTO DE ACCESO ADICIONAL DE MATERIA--NOMBRE GEOGRÁFICO |
| Nombre geográfico |
Madrid (Spain : Region{Rpara} |
| Subdivisión general |
Description And Travel. |
| 9 (RLIN) |
40113 |
| 651 #0 - PUNTO DE ACCESO ADICIONAL DE MATERIA--NOMBRE GEOGRÁFICO |
| Nombre geográfico |
Madrid (Spain : Region{Rpara} |
| Subdivisión general |
Social Life And Customs. |
| 9 (RLIN) |
40114 |
| 650 #0 - PUNTO DE ACCESO ADICIONAL DE MATERIA--TÉRMINO DE MATERIA |
| Término de materia o nombre geográfico como elemento de entrada |
Visitors, foreign |
| Subdivisión geográfica |
Spain |
| -- |
Madrid (Region{Rpara} |
| Subdivisión general |
Attitudes. |
| 9 (RLIN) |
40115 |
| 650 #0 - PUNTO DE ACCESO ADICIONAL DE MATERIA--TÉRMINO DE MATERIA |
| Término de materia o nombre geográfico como elemento de entrada |
Travelers |
| Subdivisión geográfica |
Spain |
| -- |
Madrid (Region{Rpara} |
| Subdivisión general |
Attitudes. |
| 9 (RLIN) |
40116 |
| 700 2# - PUNTO DE ACCESO ADICIONAL--NOMBRE DE PERSONA |
| Nombre de persona |
Checa Cremades, Jose Luis. |
| 9 (RLIN) |
40117 |
| 700 1# - PUNTO DE ACCESO ADICIONAL--NOMBRE DE PERSONA |
| Nombre de persona |
Santos, Juan Antonio. |
| 9 (RLIN) |
40118 |
| 910 ## - DATOS DE OPCIÓN DEL USUARIO (OCLC) |
| Datos de opción del usuario |
Catalogación por derivada / LC |